Tâm lý học lao động

Khái quát về lao động và tâm lí học lao động. Hệ thống người máy - môi trường. Sự thích ứng giữa hệ thống và con người. Sự mệt mỏi, các trường hợp bất hạnh trong sản xuất và vấn đề an toàn lao động

Wedi'i Gadw mewn:
Manylion Llyfryddiaeth
Prif Awdur: Đào Thị Oanh
Fformat: Llyfr
Iaith:Vietnamese
Cyhoeddwyd: H. Đại học Quốc gia Hà Nội 2008
Pynciau:
Tagiau: Ychwanegu Tag
Dim Tagiau, Byddwch y cyntaf i dagio'r cofnod hwn!
Thư viện lưu trữ: Mạng thư viện Đại học Đà Nẵng
LEADER 01362nam a22003618a 4500
001 000006216
003 2371
005 20110905100926.0
008 110905s2008 b 000 0 vieod
020 |c 21000 đ  |d 1000b 
041 0 |a vie 
080 |a 158.1 
082 |a 152  |b ĐA-O 
084 |a Y941.1  |b T120L 
100 1 |a Đào Thị Oanh 
245 1 0 |a Tâm lý học lao động  |c Đào Thị Oanh 
260 |a H.  |b Đại học Quốc gia Hà Nội  |c 2008 
300 |a 232tr : hình vẽ  |c 21cm 
500 |a Thư mục: tr. 229-230 
520 |a Khái quát về lao động và tâm lí học lao động. Hệ thống người máy - môi trường. Sự thích ứng giữa hệ thống và con người. Sự mệt mỏi, các trường hợp bất hạnh trong sản xuất và vấn đề an toàn lao động 
653 |a Tâm lí học 
653 |a Lao động 
910 |a Minh  |d 5/9/2011 
OWN |a LSP 
AVA |a UDN50  |b LSP  |d 152 ĐA-O  |e check_holdings  |t Error 5003 Not defined in file expand_doc_bib_avail.  |h N  |k 1 
999 |a From the UDN01 
AVA |a UDN50  |b LSP  |d 152 ĐA-O  |e available  |t Error 5001 Not defined in file expand_doc_bib_avail.  |f 20  |g 0  |h N  |i 0  |k 1 
TYP |a Monograph 
TYP |a Printed language 
980 |a Mạng thư viện Đại học Đà Nẵng